| 000 | 00726nam a22001815i 4500 | ||
|---|---|---|---|
| 001 | 166457 | ||
| 003 | ES-MaACL | ||
| 005 | 20230906213335.0 | ||
| 008 | 010727s1882 sp |||| | spa d | ||
| 040 |
_aCAM _bspa _cCAM |
||
| 100 | 1 |
_aToro y Quartiellers, José del. _9133304 |
|
| 245 | 1 | 0 |
_aElogio de D. José de Vargas y Ponce _b: un gaditano ilustre / _cescrito por José del Toro y Quartiellers. |
| 260 |
_aCádiz : _b[s.n.], _c1882 ( _fimprenta de la Revista Médica de Federico Joly) |
||
| 300 |
_a30 p. ; _c18 cm. |
||
| 600 | 1 | 4 |
_aVargas Ponce, José. _9113210 |
| 852 |
_aES-MaACL _jT-401-F-10 _z-- Enc. hol. _z-- Enc. en un vol. facticio |
||
| 852 |
_aES-MaACL _jT-411-F-9 _z-- Enc. hol. _z-- Enc. en un vol. facticio |
||
| 999 |
_c166457 _d166457 |
||